000 00260nam a22001097a 4500
008 140529t xxu||||| |||| 00| 0 eng d
020 _a0-911910-50-6
100 _aCynthis M. Kahn
_9927
245 _aThe Merck Veterinary Manual
300 _a2712
942 _2ddc
_cBK
999 _c17164
_d17164